000 00444nam a2200157 4500
001 136964
003 ES-MaACL
005 20230906195256.0
007 t|
008 070214s1969 sp r ||||1| spa d
100 1 _aSaint John, Patricia.
_9101529
245 1 0 _aAmor en las cumbres /
_cPatricia Saint John.
260 _aBarcelona :
_bEd. Evangélicas Europeas,
_c1969.
300 _a228 p. ;
_c19 cm.
852 _aES-MaACL
_jC-49697
_bR.75719
999 _c136964
_d136964